|
|
|
|
| LEADER |
00000cam a2200000 7i4500 |
| 001 |
0000087996 |
| 005 |
20230125101338.0 |
| 008 |
220320 |
| 020 |
|
|
|a 9780847865383
|
| 041 |
0 |
|
|a English
|
| 090 |
0 |
0 |
|a 739.27
|b CHI
|
| 100 |
1 |
|
|a Childers, Caroline
|
| 245 |
1 |
4 |
|a The history of jewelry :
|b Joseph Saidian & Sons
|c Caroline Childers
|
| 260 |
|
|
|a New York, NY :
|b Tourbillon International ,
|c 2018
|
| 300 |
|
|
|a 194 p. :
|b ill., col. ;
|c 135.4 cm.
|
| 541 |
|
|
|c Purchased on 2021
|f E210247 EKM
|h RM84.00
|
| 650 |
|
0 |
|a Jewelers
|z New York (State)
|z New York
|
| 650 |
|
0 |
|a Jewelry
|x Pictorial works.
|
| 700 |
0 |
|
|a Title
|
| 700 |
1 |
|
|a Nussbaum, Elise
|
| 999 |
|
|
|a 0001681346
|b Book
|c Adult Collection
|e Perbadanan Perpustakaan Awam Johor
|